| 000 | 01200cam a2200325 i 4500 | ||
|---|---|---|---|
| 001 | 28307 | ||
| 003 | Mx-PuUPA | ||
| 005 | 20241126105150.0 | ||
| 008 | 140415s1993 mx gr 000 0 spa d | ||
| 020 | _a9681642465 | ||
| 040 |
_cMx-PuUPA _aMx-PuUPA _bspa _dMx-PuUPA _erda |
||
| 041 | 0 | _aspa | |
| 100 | 1 |
_aZapata, Francisco, _916492 _eautor |
|
| 245 | 1 | 0 |
_aAutonomía y subordinación en el sindicalismo latinoamericano / _cFrancisco Zapata |
| 250 | _aPrimera edición | ||
| 264 | 1 |
_aMéxico, D.F : _bFondo de Cultura Económica, _c1993 |
|
| 300 |
_a171 páginas : _bilustraciones ; _c23 cm |
||
| 336 |
_2rdacontent _atexto _btxt |
||
| 337 |
_2rdamedia _asin medio _bn |
||
| 338 |
_2rdacarrier _avolumen _bnc |
||
| 490 | 0 | _aSección de Obras de Historia | |
| 490 | 0 | _aEnsayos | |
| 650 | 7 |
_913986 _2armarc _aSindicalismo _zAmérica Latina _xHistoria |
|
| 650 | 7 |
_2armarc _aSindicatos _zAmérica Latina _xHistoria _ySiglo XX |
|
| 650 | 7 |
_2armarc _aConflictos laborales _zAmérica Latina _xHistoria _ySiglo XX |
|
| 942 |
_2ddc _cLI _h335.82098 _iZ35 |
||
| 999 |
_c28307 _d28307 |
||